Problems of Debt Management in Slovak Republic

Kľúčové problémy riadenia štátneho dlhu v SR. Teoretické a metodologické prístupy. Vývoj štátneho dlhu. Vnútorná zadlženosť SR. Dlhová politika - zabezpečenie stabilizácie ekonomiky, zachovanie východiskového dlhového pomeru (pomer deficitu štátneho rozpočtu k HDP), optimálny rast nákladov dlhovej s...

Descrizione completa

Salvato in:
Dettagli Bibliografici
Autore principale: Hlavatý, Egon
Natura: Capitolo di libro
Lingua:inglese
Soggetti:
Tags: Aggiungi Tag
Nessun Tag, puoi essere il primo ad aggiungerne!!

MARC

LEADER 00000naa a2200000 4500
001 r021052
005 20230921121933.2
041 0 |a eng 
044 |a SK 
245 1 0 |a Problems of Debt Management in Slovak Republic  |c E. Hlavatý 
520 |a Kľúčové problémy riadenia štátneho dlhu v SR. Teoretické a metodologické prístupy. Vývoj štátneho dlhu. Vnútorná zadlženosť SR. Dlhová politika - zabezpečenie stabilizácie ekonomiky, zachovanie východiskového dlhového pomeru (pomer deficitu štátneho rozpočtu k HDP), optimálny rast nákladov dlhovej služby, zabezpečenie trvalej solventnosti štátu voči zahraničiu i vo vnútornej ekonomike. 
610 2 0 |a dlhy štátne 
610 2 0 |a Slovensko 
610 2 0 |a dlhy verejné 
610 2 0 |a rozpočet štátny 
610 2 0 |a deficit 
610 2 0 |a politika menová 
610 2 0 |a politika hospodárska 
610 2 0 |a produkt domáci hrubý 
610 2 0 |a transformácia 
610 2 0 |a 1993-1995 
100 1 |a Hlavatý, Egon